000 00759cab a2200229 4500
001 WB2905-04
008 090401t1993 xxu||||| |||| 00| 0 eng d
035 _a(Sirsi) u42871
041 _aeng
245 _aPSA payment policy
260 _c1993
350 _a0
490 _aBuilding
_v258(7780) 5 February 1993, 7
490 _aContract Journal
_v366(5910) 4 February 1993, 1(1)
520 _aThe PSA is accused of delaying subcontractor payments to `fatten up` PSA Building Management for sale. An internal newsletter boasted the ability of its newly adopted pay-when-paid policy to `generate cash`.
650 _aPAY WHEN PAID
650 _aPRIVATISATION
650 _aPSA
690 _aBUILT ENVIRONMENT
942 _n0
948 _c04/03/1997
999 _c27421
_d27421